[Event "Summer Cup"]
[Site "Wellington Chess Club"]
[Date "2018.03.15"]
[Round "7.08"]
[White "Sole, Michael"]
[Black "Farrington, Lawrence"]
[Result "1-0"]
[WhiteElo "1801"]
[BlackElo "1800"]

1. e4 e6 2. d4 d5 3. Nc3 Bb4 4. e5 c5 5. a3 Bxc3+ 6. bxc3 Qc7 { Qc7 offers some
independent moves with f6 and f5 after Qg4. }  (6... Ne7 7. Qg4 Qc7 {
Transposes. } ) 7. Qg4 Ne7 (7... f5 8. Qg3)  (7... f6 8. Nf3 (8. Bb5+) ) 8.
Qxg7 Rg8 9. Qxh7 cxd4 10. Ne2 dxc3 11. f4 Bd7 12. h4 (12. Qd3 { This is the
main move with h4 next as h4 now allows some indepedent options such as Bb5
that stop Qd3 } ) 12... Nbc6 (12... Bb5 13. Rb1 Bxe2 14. Bxe2 Rxg2 15. Be3 {
With interesting play but different from the mainline and not as good for
white. } ) 13. Qd3 {Transposing back to the mainline.} 13... Nf5 14. h5 Na5 $2
{ First non-book move. I wasn't sure what his idea was with this move. I was
thinking of ideas like a6-Bb5 or using the opened c file to play something like
Qc4 or just simply Nc4. However, I don't feel that any of these moves achieve
much and that black would be better off 0-0-0 and then planning to attack in
the centre with moves like d4, f6, or try and attack the pushed h and g pawns
and try to prove that they are a weakness, not a strength. I wasn't sure what
he wanted to do with this move and it didn't threaten anything immediately so I
continued with my plan of pushing my kingside pawns with h6 }  (14... O-O-O 15.
Rb1 d4 16. Rg1 { ). White is aiming to play g4 and keep pushing the g and h
pawns and has a very good score for white (80.5% from 48 games). } ) 15. h6
O-O-O 16. h7 Rh8 17. g4 Ng7 18. Nxc3 Nc4 19. Rb1 Bc6 20. Nb5 Qa5+ (20... Bxb5
21. Rxb5 { I thought this was best. My plan here was ideas with Qd4 attacking
the queenside pawns and attacking the c file with Rc5 and BxNc4 and f5 ideas
attacking the knight and rook which are stopping the h pawn from promoting. } )
21. Bd2 Qxd2+ $2 { Blunders a pawn to the intermizzo move of Nxa7+ }  (21...
Qa4 22. Rb4 Qa6 23. Nd6+ Nxd6 24. Qxa6 bxa6 25. exd6 { This is why Qa4 doesn't
work after Bd2   [%cal Gd2c3,Gc3h8,Gf1a6] }  (25. Bxa6+) )  (21... Qa6 22. Nd6+
Nxd6 23. Qxa6 bxa6 24. exd6 { Same idea here with Qa6 } )  (21... Nxd2 22. Qxd2
Qxd2+ 23. Kxd2 { This is also nice for me } ) 22. Qxd2 Nxd2 23. Nxa7+ { Winning
the pawn and the knight won't get trapped as it can take on c6 or go back to b5
} 23... Kd7 24. Kxd2 { After this point I was quite low on time, with around 10
mins left and had to start speeding up a little as I spent the most of my time
after Na5 trying to play the position on my own/ }  (24. Nxc6 Nxb1 25. Nxd8
Kxd8 { This drops a piece. } ) 24... Ra8 25. Nxc6 Kxc6 26. Rh3 { I like this
move as it defends a3 and gives white the option of a rook swing to attack the
weak b pawn   [%csl Gb7][%cal Gh3c3,Gb1b7,Gc3b3] } 26... b6 27. Rc3+ Kb7 28.
Bd3 { Now the h pawn is defended and my rook is now active on the queenside.
Black is quite tied down here.   [%cal Gc3c8,Gd3a6] } 28... Ra4 29. Rb4 $6 (29.
Rcb3 $1 Rxf4 30. Rxb6+ Kc7 31. Rb7+ Kc6 32. R1b6+ (32. Rb8 { I missed this move
and instead thought that the king was going to escape and take on e5. } ) 32...
Kc5 33. Rb5+ Kd4 { And here I couldn't see a clear mate after Rb4+ but the
trade of rooks and winning the knight of g7 is much faster than the Rb4 played
in the game. } 34. Rb4+ Kxe5 35. Rxf4 Kxf4 36. Rxf7+) 29... Rxb4 30. axb4 {
This endgame is won for white. Black is completely tied down, the knight can't
leave and the rook must guard the 8th rank and is two pawns down.   [%csl
Ga6,Gc6,Gd6][%cal Gg7e8,Ge8c7,Gb4b5] } 30... Ne8 31. Ra3 Nc7 { [%cal Gb6b5] }
32. b5 { Shutting down his plans of getting his knight out with b5 gaining
space and allowing his knight and king to get active, esp. the knight which
can't do anything to get out right now } 32... Ne8 33. Ra1 f6 $2 { I feel that
this a mistake as it makes the e6 pawn a target through the removal of the
defender on f7, and makes it harder for black to defend both all his weaknesses
(b6 and now e6) } 34. Rh1 fxe5 35. fxe5 { And the knight still cannot escape. }
35... Kc7 36. Rh6 Kd7 37. Ke3 Ke7 38. Rh1 Nc7 39. Kd4 { Stopping Lawrence from
playing d4 and getting his knight active through d5} 39... Kf8 40. Ra1 {
Switching my focus to the b6 pawn now as the rook cannot move anywhere and
can't defend b6 in time } 40... Kg7 41. Ra7 Rc8 42. Rb7 { and now the b6 pawn
falls and creates another passer for me } 42... Kh8 43. Rxb6 Ra8 44. Rb7 {
Setting a trap as well as trying to push the b pawn } 44... Ra4+ $2 { Losing a
piece to the trap as black needs to defend the mate of Rb8+ and h8=Q# } 45. c4
Ra8 (45... dxc4 $4 46. Rb8+ Kg7 47. h8=Q+) 46. Rxc7 dxc4 47. Rxc4 { Taking with
the rook to prevent certain stalemate ideas with the rook checking the king and
if I take then the black king is stalemated. }  (47. Kxc4 { In this position I
believe that white can escape the trick but white would need to be precise and
is harder while low on time. } 47... Ra4+ 48. Kb3 Rb4+ 49. Kc3 Rb3+ { and if
white takes the rook, stalemate } 50. Kxb3) 47... Rf8 48. b6 Rb8 49. b7 { A
little trick with the same weak back rank tactic. } 49... Rd8+ (49... Rxb7 50.
Rc8+ Kg7 51. h8=Q+) 50. Kc3 Kg7 51. h8=Q+ Rxh8 52. Rc8 Rh3 53. Rc7+ Kh6 54.
Rh7+ { Black resigned here. 1-0 } 1-0

[Event "Summer Cup"]
[Site "Wellington Chess Club"]
[Date "2018.03.15"]
[Round "7.09"]
[White "Hall, Nathan"]
[Black "Stracy, Don"]
[Result "1-0"]
[WhiteElo "1559"]
[BlackElo "1710"]

1. d4 Nf6 2. Bf4 e6 3. e3 d5 4. Bd3 Bd6 5. Bg3 O-O 6. Nf3 Nc6 7. c3 Re8 8. Ne5
Bxe5 9. dxe5 Ne4 10. Qc2 f5 11. exf6 Nxf6 12. Bh4 h6 13. Bg6 Rf8 14. g4 Ne5 15.
Nd2 Nxg6 16. Qxg6 Qe8 17. Qxe8 Rxe8 18. g5 hxg5 19. Bxg5 Nh7 (19... e5 20. Bxf6
gxf6 21. h4 Be6 22. f3) 20. Bh4 e5 21. O-O-O Bf5 22. Rhg1 c5 23. f3 Rac8 (23...
Be6 24. e4) 24. e4 Be6 25. exd5 Bxd5 26. Ne4 Bxe4 27. fxe4 Rc7 28. Rd5 c4 29.
Kc2 a6 30. b3 b5 31. Rg6 cxb3+ 32. axb3 Ra7 (32... Rec8 33. Rd8+ Kf7 34. Rxc8
Rxc8 35. Rxa6) 33. Rdd6 Nf8 34. Rg1 Ne6 35. Bf2 Raa8 36. Ra1 Ng5 37. Kd3 a5 38.
Rb6 Red8+ 39. Ke3 Rac8 40. Be1 b4 41. cxb4 Nf3 42. Kxf3 Rc3+ 43. Bxc3 1-0

[Event "Summer Cup"]
[Site "Wellington Chess Club"]
[Date "2018.03.15"]
[Round "7.10"]
[White "Aldridge, Alan"]
[Black "Tagos, Bernardo"]
[Result "1-0"]
[WhiteElo "1946"]
[BlackElo "1496"]

1. d4 e6 2. c4 Be7 3. Nc3 b6 4. e4 Bb7 5. Bd3 Nc6 6. Nf3 d6 7. O-O Nf6 8. a3
O-O 9. d5 Ne5 10. Nxe5 dxe5 11. dxe6 fxe6 12. Be3 c5 13. Qe2 Qc7 14. Rab1 a6
15. f3 Rad8 16. Rfd1 Rd7 17. Qf2 Nh5 18. g3 Nf6 19. h3 Bc6 20. b4 Rxd3 21. Rxd3
Nxe4 22. Qe1 Nxc3 23. Rxc3 Bxf3 24. Bf2 e4 25. bxc5 Bxc5 26. Bxc5 Qxc5+ 27. Qe3
Qf5 28. Kh2 Rd8 29. c5 b5 30. c6 Rd3 31. c7 Rxe3 32. c8=Q+ Kf7 33. Rxe3 Qd5 34.
Qc7+ Kg8 35. Qc2 h5 36. Rxf3 1-0

[Event "Summer Cup"]
[Site "Wellington Chess Club"]
[Date "2018.03.15"]
[Round "7.12"]
[White "Meravanage, Satwik"]
[Black "Theodosiou, Andreas"]
[Result "1/2-1/2"]
[WhiteElo "1541"]
[BlackElo "1479"]

1. e4 c5 2. Nf3 Nc6 3. d4 cxd4 4. Nxd4 Nf6 5. Nc3 e6 6. Be2 Bb4 7. Bg5 (7. Bg5
Bxc3+ 8. bxc3 h6 9. Bh4 g5 10. Bg3 Nxe4 11. Nxc6 bxc6 12. Qd4 Qf6 13. Be5 Qxf2+
14. Qxf2 Nxf2 15. Bxh8 Nxh1 16. Bd4 d6 17. O-O-O c5 18. Be3 Bb7 19. Bf3 Bxf3
20. gxf3 Ke7 21. Rxh1 e5 22. h4 f6 23. hxg5 hxg5 24. Rh7+ Ke6 25. c4 a5 26. a4
Rb8 27. Bd2 Rg8 28. Bxa5 Ra8) 1/2-1/2

[Event "Summer Cup"]
[Site "Wellington Chess Club"]
[Date "2018.03.15"]
[Round "7.13"]
[White "Chen, Wei Kai"]
[Black "Bennett, Ezra"]
[Result "1-0"]
[WhiteElo "1879"]
[BlackElo "1427"]

1. e4 e5 2. Nf3 Nc6 3. Bc4 Bc5 4. O-O Nge7 5. c3 d5 6. exd5 Nxd5 7. d4 Nb6 8.
Bb5 Bxd4 9. cxd4 Bg4 10. dxe5 a6 11. Bxc6+ bxc6 12. Nc3 Nc4 13. Qa4 Bxf3 14.
gxf3 Nd2 15. Qxc6+ Kf8 16. Bxd2 Qxd2 17. Qxa8+ Ke7 18. Qxh8 Qg5+ 19. Kh1 Qf4
20. Qa8 f6 21. Qe4 1-0

[Event "Summer Cup"]
[Site "Wellington Chess Club"]
[Date "2018.03.15"]
[Round "7.14"]
[White "Konakanchi, Karthik"]
[Black "Rabina, Romeo"]
[Result "0-1"]
[WhiteElo "1519"]
[BlackElo "1767"]

1. e4 b6 2. d4 Bb7 3. Nc3 e6 4. Nf3 Bb4 5. e5 Qc8 6. Bd2 Be7 7. Be2 c5 8. Be3
cxd4 9. Bxd4 Nc6 10. Nb5 Nxd4 11. Nfxd4 Bxg2 12. Rg1 Qb7 13. f3 Bh4+ 14. Kd2
Bg5+ 15. Kd3 Be7 16. Rxg2 Nh6 17. Rxg7 Rc8 18. Qd2 Nf5 19. Nxf5 exf5 20. Qf4
Qd5+ 21. Ke3 Bc5+ 22. Nd4 f6 23. exf6 Qe6+ 24. Kd2 Qxf6 25. Qe3+ Kd8 26. Rg5
Bxd4 27. Qf4 Bxb2 28. Rxf5 Qc3+ 29. Kd1 Qxc2+ 30. Ke1 Qc3+ 31. Kf1 Bxa1 32.
Qh4+ Kc7 33. Ba6 Qc1+ 34. Kg2 Qc2+ 35. Kh1 Qxf5 36. Qc4+ Qc5 37. Qf4+ Be5 0-1

[Event "Summer Cup"]
[Site "Wellington Chess Club"]
[Date "2018.03.15"]
[Round "7.17"]
[White "He, Paul"]
[Black "Winsley, Nicholas"]
[Result "1-0"]
[WhiteElo "1183"]
[BlackElo "1000"]

1. e4 c5 2. c3 d6 3. d4 cxd4 4. cxd4 Nc6 5. d5 Ne5 6. f4 Ng6 7. Nf3 Nf6 8. Nc3
e6 9. dxe6 fxe6 10. Bc4 Ne7 11. e5 dxe5 12. Qxd8+ Kxd8 13. fxe5 Nfd5 14. Ng5
Ke8 15. Nce4 Nf5 16. O-O h6 17. g4 Nfe3 18. Bxe3 Nxe3 19. Bb5+ Bd7 20. Bxd7+
Kxd7 21. Rf3 Nxg4 22. Rd1+ Ke8 23. Nxe6 Rc8 24. Nxf8 Rxf8 25. Nd6+ Ke7 26.
Nxc8+ 1-0

[Event "Summer Cup"]
[Site "Wellington Chess Club"]
[Date "2018.03.15"]
[Round "7.18"]
[White "Zhao, Aiden"]
[Black "Kierstead, James"]
[Result "0-1"]
[WhiteElo "1291"]
[BlackElo "1143"]

1. e4 e6 2. Nc3 d5 3. d4 Bb4 4. e5 Bxc3+ 5. bxc3 Ne7 6. Bg5 Nd7 7. c4 O-O 8.
cxd5 exd5 9. Nf3 c5 10. c3 f6 11. e6 fxg5 12. exd7 Qxd7 13. Nxg5 c4 14. Qh5 Qf5
15. g4 Qxf2+ 16. Kd1 h6 17. Ne6 Bxe6 18. Rb1 b6 19. g5 Qf3+ 20. Be2 Qxh5 21.
Bxh5 Rf5 22. Bg4 hxg5 23. Bxf5 Bxf5 24. Rb5 Rf8 25. Re1 Be4 26. Re2 Bf3 27. Kd2
Bxe2 28. Kxe2 g4 29. Rb1 Rf6 30. Kd2 Rf2+ 31. Ke1 Rxh2 32. a3 g3 33. Kf1 Rh1+
0-1

[Event "Summer Cup"]
[Site "Wellington Chess Club"]
[Date "2018.03.17"]
[Round "7.02"]
[White "Nyberg, Michael"]
[Black "Rossiter, Philip"]
[Result "1-0"]
[WhiteElo "2149"]
[BlackElo "1969"]

1. d4 Nf6 2. Nf3 e6 3. e3 b6 4. Nbd2 Bb7 5. Bd3 c5 6. b3 Nc6 7. Bb2 Be7 8. O-O
O-O 9. Re1 Rc8 10. a3 Qc7 11. Nf1 cxd4 12. exd4 Nd5 13. c4 Nf4 14. d5 Nxd3 15.
Qxd3 Na5 16. Ng3 Qd8 17. Nh5 g6 18. d6 gxh5 19. dxe7 Qxe7 20. Qe3 Bxf3 21. Qxf3
Qg5 22. Re5 f5 23. Qc3 Rf7 24. Rc5 1-0

[Event "Summer Cup"]
[Site "Wellington Chess Club"]
[Date "2018.03.22"]
[Round "8.01"]
[White "Ker, Anthony"]
[Black "Nyberg, Michael"]
[Result "1-0"]
[WhiteElo "2461"]
[BlackElo "2149"]

1. e4 e6 2. d4 d5 3. Nd2 c5 4. c3 Nf6 5. Bd3 Nc6 6. Ngf3 Qb6 7. exd5 Nxd5 8.
O-O cxd4 9. cxd4 Bd7 10. Nc4 Qc7 11. Re1 Be7 12. Bd2 Bf6 13. Rc1 h6 14. Nce5
Rc8 15. Bb1 Qd6 16. Nc4 Qb8 17. Nfe5 b5 18. Nxd7 Kxd7 19. Ne3 Nxe3 20. fxe3 Ne7
21. Qh5 g6 22. Qf3 Nd5 23. Kh1 Be7 24. Rxc8 Rxc8 25. Qxf7 Rf8 26. Qxg6 Rf2 27.
Qd3 a6 28. Kg1 Rf8 29. Rf1 Nf6 30. e4 Ng4 31. g3 Qd6 32. Bf4 Qb4 33. Qc3 Rg8
34. Qc7+ 1-0

[Event "Summer Cup"]
[Site "Wellington Chess Club"]
[Date "2018.03.22"]
[Round "8.02"]
[White "Jackson, Ross"]
[Black "Dive, Russell"]
[Result "0-1"]
[WhiteElo "2013"]
[BlackElo "2443"]

1. d4 Nf6 2. Nf3 c5 3. Nc3 cxd4 4. Nxd4 d5 5. Bg5 Nbd7 6. Nb3 h6 7. Bh4 e6 8.
a3 Be7 9. e3 a6 10. Be2 O-O 11. O-O b5 12. Nd4 Bb7 13. Bg3 Rc8 14. a4 b4 15.
Na2 Ne4 16. Rc1 Qa5 17. b3 Rfd8 18. Qe1 Nxg3 19. hxg3 Nf6 20. Nf3 Bd6 21. c3
bxc3 22. Rxc3 Rxc3 23. Qxc3 Qxc3 24. Nxc3 Rc8 25. Nb1 Rc2 26. Bd1 Rb2 27. Nc3
e5 28. Ne2 Ne4 29. Nc1 Nc5 30. Re1 a5 31. Nh4 g6 32. Nf3 Ba6 33. g4 Kf8 34. Nh2
Rb1 35. Bc2 Rb2 36. Bd1 Ke7 37. Nf3 Ke6 38. Be2 Bxe2 39. Rxe2 Rb1 40. Re1 Ne4
41. Rf1 Nc3 42. Re1 Rxc1 0-1

[Event "Summer Cup"]
[Site "Wellington Chess Club"]
[Date "2018.03.22"]
[Round "8.03"]
[White "Winter, Ryan"]
[Black "Timergazi, Layla"]
[Result "0-1"]
[WhiteElo "1814"]
[BlackElo "2133"]

1. e4 c6 2. d4 d5 3. exd5 cxd5 4. c4 Nf6 5. Nc3 Be6 6. Bg5 Nc6 7. Nf3 g6 8. c5
Bg7 9. Bb5 O-O 10. Bxc6 bxc6 11. Ne5 Qc7 12. O-O Nh5 13. Nf3 Bg4 14. Be3 f5 15.
Re1 f4 16. Bc1 Rf7 17. Qd3 Bxf3 18. gxf3 Qd7 19. Bd2 Qh3 20. Kh1 Qh4 21. Rf1
Rf5 22. Ne2 Raf8 23. Bc3 Nf6 24. Rad1 Rh5 0-1

[Event "Summer Cup"]
[Site "Wellington Chess Club"]
[Date "2018.03.22"]
[Round "8.04"]
[White "Laking, Robert"]
[Black "Croad, Nicolas"]
[Result "0-1"]
[WhiteElo "1300"]
[BlackElo "2407"]

1. d4 Nf6 2. Nf3 g6 3. c4 Bg7 4. e3 O-O 5. Nc3 c5 6. Bd3 cxd4 7. exd4 d5 8. b3
Nc6 9. O-O Bg4 10. Be2 dxc4 11. bxc4 Bxf3 12. Bxf3 Qxd4 13. Qxd4 Nxd4 14. Bxb7
Rab8 15. Rb1 Nd7 16. Ba3 Nc2 17. Bxe7 Bxc3 18. c5 Rfe8 19. Bd6 Rbc8 20. c6 Nb6
21. Rfd1 Nd4 22. Kf1 Nxc6 23. Bxc8 Rxc8 24. Rbc1 Bf6 25. Bc5 Na4 26. Bd4 Bxd4
27. Rxd4 Nb6 28. Rd6 Ne7 29. Rxc8+ Nbxc8 30. Ra6 Nd5 31. g3 Kf8 32. Ke2 Ke7 33.
f4 Nb4 34. Ra4 Nc6 35. h4 h5 36. f5 gxf5 37. Kf3 a5 38. Kf4 Kf6 39. Ra3 N8e7
40. Rb3 Nd5+ 0-1

[Event "Summer Cup"]
[Site "Wellington Chess Club"]
[Date "2018.03.22"]
[Round "8.05"]
[White "Pomeroy, Arthur"]
[Black "Sole, Michael"]
[Result "1-0"]
[WhiteElo "2092"]
[BlackElo "1801"]

1. e4 c5 2. Nf3 d6 3. d4 cxd4 4. Nxd4 Nf6 5. Nc3 a6 6. Bc4 e6 7. O-O Nbd7 8.
Re1 b5 9. Bd5 Nxd5 10. exd5 e5 11. f4 Bb7 12. Nf3 Qc7 13. Ne4 Rd8 14. fxe5 Nxe5
15. Bg5 Be7 16. Bxe7 Qxe7 17. Nc5 Bc8 18. Nd3 f6 19. Nd4 Qa7 20. c3 O-O 21. Nf4
Rfe8 22. Qd2 Re7 23. Kh1 Rde8 24. h3 Kf7 25. Nde6 Bxe6 26. dxe6+ Rxe6 27. Nxe6
Rxe6 28. Rad1 Qc5 29. Qe2 g6 30. Qe4 Qb6 31. Rd4 Ke7 32. Qa8 Qc6 33. Qg8 h6 34.
Qg7+ Kd8 35. Qxh6 Kd7 36. Qg7+ Kd8 37. Rh4 1-0

[Event "Summer Cup"]
[Site "Wellington Chess Club"]
[Date "2018.03.22"]
[Round "8.06"]
[White "Rossiter, Philip"]
[Black "Brockway, Andrew"]
[Result "1/2-1/2"]
[WhiteElo "1969"]
[BlackElo "1915"]

1. c4 e5 2. Nc3 Nc6 3. g3 f5 4. Bg2 Nf6 5. d3 Bb4 6. Bd2 O-O 7. Nf3 d6 8. O-O
Qe8 9. Rc1 Bxc3 10. Bxc3 Qh5 11. e3 Bd7 12. b4 Rab8 13. Nh4 Qh6 14. b5 Ne7 15.
f4 Ng4 16. Qe2 Ng6 17. Bd5+ Kh8 18. Nxg6+ Qxg6 19. Rce1 c6 20. bxc6 bxc6 21.
Bf3 exf4 22. Bxg4 fxg4 23. Rxf4 Rxf4 24. exf4 Re8 25. Qd2 Rxe1+ 26. Qxe1 Qe6
1/2-1/2

[Event "Summer Cup"]
[Site "Wellington Chess Club"]
[Date "2018.03.22"]
[Round "8.07"]
[White "Stoeveken, Peter"]
[Black "Sellen, Ian"]
[Result "0-1"]
[WhiteElo "1814"]
[BlackElo "2067"]

1. d4 d5 2. c4 e6 3. Nf3 Nf6 4. Nc3 c5 5. e3 Nc6 6. Be2 cxd4 7. Nxd4 Bb4 8. O-O
O-O 9. cxd5 Nxd5 10. Nxc6 bxc6 11. Ne4 f5 12. Nd2 Qf6 13. Rb1 Rd8 14. Qc2 Bb7
15. a3 Ba5 16. b4 Bc7 17. Bb2 Qh6 18. Nf3 c5 19. Bc1 Rac8 20. g3 Nf6 21. Qa4
Be4 22. Rb2 Ng4 23. Nh4 g5 24. Bxg4 gxh4 25. f3 Bd3 26. e4 Qg6 27. exf5 exf5
28. Qb3+ c4 29. Bxf5 Qxf5 0-1

[Event "Summer Cup"]
[Site "Wellington Chess Club"]
[Date "2018.03.22"]
[Round "8.08"]
[White "Benitez, Edgar"]
[Black "Day, Fabian"]
[Result "1-0"]
[WhiteElo "1819"]
[BlackElo "1784"]

1. d4 f5 2. Nf3 Nf6 3. g3 g6 4. Bg2 Bg7 5. e3 O-O 6. c4 d6 7. O-O Qe8 8. Qb3
Na6 9. c5+ Kh8 10. cxd6 exd6 11. Nc3 c6 12. Bd2 Ne4 13. Rac1 Qe7 14. Rfd1 g5
15. Be1 d5 16. Ne2 Bf6 17. Nd2 Qg7 18. f3 Nd6 19. Bf2 f4 20. e4 fxg3 21. hxg3
Be7 22. exd5 cxd5 23. Qxd5 Nb4 24. Qb3 Nf5 25. a3 Nc6 26. Ne4 Bd7 27. Qxb7 Rad8
28. Rxc6 Bxc6 29. Qxc6 Rc8 30. Qa4 Rc7 31. N2c3 Rfc8 32. d5 Bf6 33. Nxf6 Qxf6
34. g4 Rc4 35. Qxa7 Nh4 36. Ne4 Nxf3+ 37. Bxf3 Qxf3 38. Bd4+ Rxd4 39. Qxd4+ Kg8
40. Nf6+ Kg7 41. Nh5+ Kf7 42. Rf1 Rc1 43. Rxc1 1-0

[Event "Summer Cup"]
[Site "Wellington Chess Club"]
[Date "2018.03.22"]
[Round "8.09"]
[White "Wevers, Alexis"]
[Black "Aldridge, Alan"]
[Result "1-0"]
[WhiteElo "1614"]
[BlackElo "1946"]

1. d4 Nf6 2. Bf4 e6 3. Nf3 c5 4. e3 Be7 5. Nbd2 O-O 6. Bd3 Nc6 7. c3 d6 8. h3
e5 9. Bh2 exd4 10. cxd4 cxd4 11. exd4 Qb6 12. Nc4 Qb4+ 13. Qd2 d5 14. a3 Qb3
15. Nce5 Nb4 16. O-O Nxd3 17. Nxd3 Bf5 18. Nc5 Bxc5 19. dxc5 Rac8 20. Rfd1 Be6
21. Nd4 Qa4 22. b3 Qa6 23. b4 Rfe8 24. a4 Ne4 25. b5 Nxd2 26. bxa6 bxa6 27.
Rxd2 Rxc5 28. Bf4 Rc4 29. Be3 Rb8 30. Nxe6 fxe6 31. Bxa7 Rb7 32. Be3 Rbb4 33.
a5 Ra4 34. Rxa4 Rxa4 35. Bb6 Ra1+ 36. Kh2 Ra3 37. Rc2 Ra4 38. Rc6 Kf7 39. Bc7
e5 40. Rxa6 e4 41. Rd6 d4 42. a6 Ke7 43. Bb8 d3 44. a7 Rxa7 45. Bxa7 Kxd6 46.
Be3 h5 47. Kg1 Ke5 48. Kf1 Kf5 49. Ke1 g5 50. Kd2 g4 51. h4 Ke5 52. Kc3 Kd5 53.
Kb4 Ke5 54. Kc4 Ke6 55. Kd4 1-0

[Event "Summer Cup"]
[Site "Wellington Chess Club"]
[Date "2018.03.22"]
[Round "8.10"]
[White "Farrington, Lawrence"]
[Black "Meravanage, Satwik"]
[Result "1/2-1/2"]
[WhiteElo "1800"]
[BlackElo "1541"]

1. e4 e5 2. Nf3 Nc6 3. Nc3 Bc5 4. Nxe5 Qf6 5. Nf3 Ne5 6. Be2 Ne7 7. O-O d6 8.
d3 Be6 9. Nb5 O-O-O 10. Bd2 g5 11. Nxe5 Qxe5 12. a4 Nc6 13. Bc3 Nd4 14. Nxd4
Bxd4 15. Bxd4 Qxd4 16. c3 Qg7 17. Bg4 h5 18. Bxe6+ fxe6 19. Qb3 Qg6 20. a5 g4
21. f3 h4 22. a6 b6 23. Qd1 Rdf8 24. f4 d5 25. Qe2 Rf6 26. Rae1 Rhf8 27. exd5
exd5 28. Qe3 g3 29. h3 Qf7 30. Rf3 Rxf4 31. Rxf4 Qxf4 32. Qe6+ Kd8 33. Qxd5+
Qd6 34. Qe4 Qf6 35. Qa8+ Kd7 36. Qd5+ 1/2-1/2

[Event "Summer Cup"]
[Site "Wellington Chess Club"]
[Date "2018.03.22"]
[Round "8.13"]
[White "Asher, Bruce"]
[Black "Darr, Samuel"]
[Result "1-0"]
[WhiteElo "1268"]
[BlackElo "1545"]

1. e4 e6 2. Nc3 d5 3. d4 b6 4. Nf3 Bb4 5. Bd2 c5 6. a3 Bxc3 7. Bxc3 dxe4 8. Ne5
f6 9. Bb5+ Bd7 10. Nxd7 Nxd7 11. Qg4 Qe7 12. Qxe4 Rc8 13. Qb7 Qd8 14. Qe4 Qe7
15. Rd1 Rb8 16. dxc5 Rd8 17. c6 Kf8 18. c7 Rc8 19. Rxd7 1-0

[Event "Summer Cup"]
[Site "Wellington Chess Club"]
[Date "2018.03.22"]
[Round "8.15"]
[White "Sole, Christopher"]
[Black "Konakanchi, Karthik"]
[Result "0-1"]
[WhiteElo "1147"]
[BlackElo "1519"]

1. e4 e5 2. Nf3 Nc6 3. Bc4 Bc5 4. O-O Nf6 5. d3 O-O 6. Bg5 d6 7. Nbd2 Be6 8.
Bxe6 fxe6 9. Nb3 Bb6 10. Re1 Qe8 11. h3 d5 12. Qd2 dxe4 13. dxe4 Rd8 14. Qc3
Qg6 15. Nbd2 Ba5 16. Qe3 h6 17. Bh4 Nh5 18. g3 Bb6 19. Qc3 Nxg3 20. Kh2 Bxf2
21. Bxd8 Nh5 22. Nxe5 Nxe5 23. Bxc7 Bg3+ 24. Kh1 Rf2 25. Bxe5 Rh2+ 26. Kg1
Bxe5+ 0-1

[Event "Summer Cup"]
[Site "Wellington Chess Club"]
[Date "2018.03.22"]
[Round "8.16"]
[White "Stannard, Bobby"]
[Black "He, Paul"]
[Result "0-1"]
[WhiteElo "1350"]
[BlackElo "1183"]

1. e4 c5 2. Nf3 Nc6 3. d4 cxd4 4. Nxd4 Nf6 5. Nc3 d6 6. Bb5 Bd7 7. Bf4 e5 8.
Nxc6 bxc6 9. Bxe5 dxe5 10. Bc4 Bb4 11. Qd2 Nxe4 12. Qe3 Nf6 13. O-O Qe7 14. f4
Bc5 0-1

[Event "Summer Cup"]
[Site "Wellington Chess Club"]
[Date "2018.03.22"]
[Round "8.17"]
[White "Kierstead, James"]
[Black "Stannard, Lars"]
[Result "1-0"]
[WhiteElo "1143"]
[BlackElo "1403"]

1. d4 d5 2. c4 e6 3. e3 Nf6 4. Nc3 b6 5. Nf3 Bb4 6. Bd2 Nc6 7. Be2 O-O 8. O-O
Bb7 9. a3 Bd6 10. b4 a6 11. c5 Be7 12. cxb6 cxb6 13. Na4 b5 14. Nc5 Bxc5 15.
bxc5 Ne4 16. a4 bxa4 17. Rxa4 Qe7 18. Qc2 Rfc8 19. Rb1 a5 20. Qb3 Nxd2 21. Nxd2
Nb4 22. Rba1 Qc7 23. Nb1 Bc6 24. R4a3 Rcb8 25. Nc3 Nd3 26. Qa2 Rb2 27. Bxd3
Rxa2 28. R1xa2 g6 29. Nb5 Qd8 30. h3 Kg7 31. Nd6 h5 32. Bb5 Bxb5 33. Nxb5 Qb8
34. Rb2 Qc8 35. Rc3 Qc6 36. Ra3 e5 37. Nd6 f6 38. Rb6 Qc7 39. Rb7 Qxb7 40. Nxb7
a4 41. c6 Rc8 42. Na5 Rc7 43. Rxa4 e4 44. Rb4 1-0

[Event "Summer Cup"]
[Site "Wellington Chess Club"]
[Date "2018.03.22"]
[Round "8.19"]
[White "Theodosiou, Andreas"]
[Black "Zhao, Aiden"]
[Result "0-1"]
[WhiteElo "1479"]
[BlackElo "1291"]

1. d4 d5 2. Nf3 Nf6 3. c4 dxc4 4. e3 e6 5. Bxc4 Bd6 6. O-O O-O 7. Qc2 Re8 8.
Nbd2 e5 9. dxe5 Bxe5 10. Ne4 Nxe4 11. Rd1 Qf6 12. Bd5 Ng5 13. a3 Nxf3+ 14. Bxf3
Nc6 15. Be4 Qh4 16. f4 Bf6 17. Rf1 Qh5 18. Bf3 Bf5 19. Qb3 Qg6 20. Qxb7 Be7 21.
Bxc6 Rec8 22. e4 Bh3 23. e5 Bc5+ 24. Kh1 Rab8 25. Be4 Bxg2+ 0-1

[Event "Autumn Cup"]
[Site "Wellington Chess Club"]
[Date "2018.04.26"]
[Round "1.1.1"]
[White "Dive, Russell"]
[Black "Croad, Nicolas"]
[Result "1/2-1/2"]
[WhiteElo "2453"]
[BlackElo "2422"]

1. Nf3 Nf6 2. c4 g6 3. g3 Bg7 4. Bg2 O-O 5. O-O d6 6. Nc3 Nc6 7. a3 a6 8. d4
Rb8 9. a4 Na5 10. Nd2 c5 11. d5 Bd7 12. Re1 b5 13. axb5 axb5 14. cxb5 Bxb5 15.
Nxb5 Rxb5 16. Qa4 Qb6 17. e4 Nb3 18. Nxb3 Rxb3 19. Qa7 Ng4 20. h3 Ne5 21. Qxe7
Nd3 22. Re2 Nxc1 23. Rxc1 Rxb2 24. Rxb2 Qxb2 25. Rf1 Be5 26. f4 Bd4+ 27. Kh2
Qb8 28. e5 dxe5 29. f5 Re8 30. Qd7 Qd8 31. Qc6 Qc8 32. fxg6 hxg6 33. Qf6 Qd7
34. Be4 Qe7 35. Qc6 Rb8 36. h4 Kg7 37. Kh3 Rd8 38. Rb1 Rd6 39. Qc8 Qd7+ 40.
Qxd7 Rxd7 41. g4 c4 42. Rb8 Kf6 43. Rc8 c3 44. Rc6+ Ke7 45. h5 gxh5 46. gxh5 f5
47. Bxf5 Rxd5 48. h6 e4 1/2-1/2